La orientación en la sala de clases: unidades de orientación para profesores jefes

Uloženo v:
Podrobná bibliografie
Hlavní autor: Utillano Otárola, Héctor Elías (Autor)
Médium: Kniha
Jazyk:španělština
Vydáno: Valparaíso Ministerio de Educación 2000
Vydání:3a. ed
Témata:
Tagy: Přidat tag
Žádné tagy, Buďte první, kdo vytvoří štítek k tomuto záznamu!

MARC

LEADER 00000nam a2200000 a 4500
001 UCI7216
003 CL-VaPUC
008 080613e20000000CL |||||||||||||||||spa|d
020 |a 9562727157 
082 0 4 |a 371.42  |b UTI  |2 21 
100 0 |a Utillano Otárola, Héctor Elías  |e author  |9 530376 
245 1 3 |a La orientación en la sala de clases: unidades de orientación para profesores jefes 
250 |a 3a. ed 
300 |a 320 p 
942 |c BK 
945 |d 20080613 00:00:00  |a jtorresc 
260 |a Valparaíso  |b Ministerio de Educación  |c 2000 
650 7 |a ORIENTACION EDUCACIONAL  |2 CL-VaPUC  |9 312512 
650 7 |a ORIENTACION PEDAGOGICA  |2 CL-VaPUC  |9 334838 
650 7 |a PERSONAL DE ORIENTACION PEDAGOGICA  |2 CL-VaPUC  |9 335458 
650 0 |a Enseñanza y aprendizaje   |9 392086 
583 |a last modification  |c 20080613 00:00:00  |k Rodrigo Vera 
999 |c 330567  |d 330565 
952 |0 0  |1 0  |4 0  |6 371_420000000000000_UTI_2000  |7 0  |8 A  |9 416168  |a BIBEDU  |b BIBEDU  |d 2019-11-22  |i 4450183  |o 371.42 UTI 2000  |p 4450183  |r 2019-11-22  |w 2019-11-22  |y BK  |k EBA